000 01189nas a2200397 4500
001 BR0402029
003 BR-BrBNA
005 20231205104450.0
007 ta
008 230509b bl.|||p| |||| 00| 00por d
040 _aBR-BrBNA
_bpor
_cBiblioteca Nacional de Agricultura
041 _a(Pt)
072 _aQ54; U10
100 1 _aRocha Júnior, V.R.
100 1 _aValadares Filho, S. de C.
100 1 _aBorges, Á.M.
100 1 _aDetmann, E.
100 1 _aMagalhães, K.A.
100 1 _aValadares, R.F.D.
100 1 _aGonçalves, L.C.
100 1 _aCecon, P.R.
245 1 _aEstimativa do valor energético dos alimentos e validação das equações propostas pelo NRC (2001)
650 _aRUMINANTE
650 _aVALOR NUTRITIVO
650 _aALIMENTO CONCENTRADO
650 _aPROTEÍNA BRUTA
650 _aFIBRA
650 _aCARBOIDRATO
650 _aCOMPOSIÇÃO QUÍMICA
650 _aMODELO MATEMÁTICO
650 _aESTATÍSTICA
650 _aESTIMATIVA
773 0 _tRevista Brasileira de Zootecnia (Brazil)
_xISSN 1516-3598
_g(Mar-Apr 2003), v. 32(2) p.480-490
_wBR0402029
909 _a202311
_bLúcia
_c55
_dLúcia Elande
942 _2AGRIS
_n0
_cANA
999 _c178267
_d178267